• 首页
  • 本馆介绍
  • 公告通知
  • 最新文献
  • 馆藏检索
  • 电子资源
  • 读者导购
  • 参考咨询
  • 我的图书馆
  • 登录
  • 详细信息显示
  • 放入我的书架
  • 预约/预借图书
  • 作者相关作品
  • 分类相关作品
  • 丛书相关作品
  • 出版社相关作品

书目信息

  • 表格格式
  • 工作单格式
  • 卡片格式
题名:
碳硅泥岩型铀矿地质地球物理综合研究
    
 
作者: 成剑文 著
分册:  
出版信息: 长春   吉林大学出版社  2020.11
页数: 282页
开本: 24cm
丛书名:
单 册:
中图分类: P619.140.8
科图分类:
主题词: 铀矿床--地球物理勘探--研究--怀化
电子资源:
ISBN: 978-7-5692-7867-5
000 01274nam0 2200253 45
001 012001002334
005 20140913171120.0
010    @a978-7-5692-7867-5@dCNY69.00
100    @a20210604d2020 em y0chiy50 ea
101 0  @achi
102    @aCN@b220000
105    @aa az 000yy
106    @ar
200 1  @a碳硅泥岩型铀矿地质地球物理综合研究@Atan gui ni yan xing you kuang di zhi di qiu wu li zong he yan jiu@b专著@e以湖南省怀化地区为例@f成剑文著
210    @a长春@c吉林大学出版社@d2020.11
215    @a282页@c图@d24cm
314    @a成剑文,1972年生于山西省文水县,中国共产党党员。
320    @a有书目 (第275-282页)
330    @a本书属于碳硅泥岩型铀矿方面的著作。由绪论、区域地质背景、典型矿床成矿特征与成矿模式、区域轴成矿条件与控矿规律、地球物理场及异常特征、地球化学场及异常特征、成矿模式、找矿模型及其综合研究等部分组成。全书以铀矿资源为研究对象,分析湖南省怀化地区碳硅泥岩型铀矿成矿规律和成矿预测,阐述研究区铀矿化特征、控矿因素,取得了研究区部分区域的地质异常定量预测成果,对于今后寻找到更多的铀矿资源,解决国内铀矿产品需求量快速增长与原料短缺的矛盾具有重要的意义。
606 0  @a铀矿床@x地球物理勘探@x研究@y怀化
690    @aP619.140.8@v5
701  0 @a成剑文@Acheng jian wen@f(1972-)@4著
801  0 @aCN@bBJSDL@c20211011
905    @b1339328-31@dP619.140.8@e160@f4
    
    碳硅泥岩型铀矿地质地球物理综合研究:以湖南省怀化地区为例/成剑文著.-长春:吉林大学出版社,2020.11
    282页:图;24cm
    
    
    ISBN 978-7-5692-7867-5:CNY69.00
    本书属于碳硅泥岩型铀矿方面的著作。由绪论、区域地质背景、典型矿床成矿特征与成矿模式、区域轴成矿条件与控矿规律、地球物理场及异常特征、地球化学场及异常特征、成矿模式、找矿模型及其综合研究等部分组成。全书以铀矿资源为研究对象,分析湖南省怀化地区碳硅泥岩型铀矿成矿规律和成矿预测,阐述研究区铀矿化特征、控矿因素,取得了研究区部分区域的地质异常定量预测成果,对于今后寻找到更多的铀矿资源,解决国内铀矿产品需求量快速增长与原料短缺的矛盾具有重要的意义。
●
相关链接 在E读中查询图书 在五车中查询图书 在当当中查询图书 在豆瓣中查询图书


正题名:碳硅泥岩型铀矿地质地球物理综合研究     索取号:P619.140.8/160         预约/预借

序号 登录号 条形码 馆藏地/架位号 状态 备注
1 1339328   213393282   第二样本阅览室/ [索取号:P619.140.8/160] 在馆    
2 1339329   213393291   第三借阅区/ [索取号:P619.140.8/160] 在馆    
3 1339330   213393308   第三借阅区/ [索取号:P619.140.8/160] 在馆    
4 1339331   213393317   第三借阅区/ [索取号:P619.140.8/160] 在馆    
唐山师范学院图书馆 欢迎您!
大连网信软件有限公司© 版权所有